000 00485nam a2200181Ia 4500
005 20250508163936.0
008 008 250505s9999 xx 000 0 eng d
037 _aTextual
040 _aFEDL
_beng
_cFEDL
041 _aeng
_2eng
084 _a530, SAN
_qFEDL
100 _aSanskrityayan Rahul
245 0 _aVegiyanik bhotikwad
260 _aAllahabad, India
_bLokbharti Prakashan
_c1998
300 _a168p.
942 _cTEXL
_h530, SAN
999 _c1386203
_d1386203